Los Rothschild (Record no. 185231)

MARC details
000 -LEADER
campo de control de longitud fija 01118nam a2200277 i 4500
001 - NÚMERO DE CONTROL
campo de control 185231
003 - IDENTIFICADOR DE NÚMERO DE CONTROL
campo de control SpMaBN
005 - FECHA Y HORA DE LA ÚLTIMA TRANSACCIÓN
campo de control 20250718023937.0
008 - DATOS DE LONGITUD FIJA--INFORMACIÓN GENERAL
campo de control de longitud fija 160420s2003 sp |||| |cspa d
080 ## - NÚMERO DE LA CLASIFICACIÓN DECIMAL UNIVERSAL
Número de la Clasificación Decimal Universal 929.52 Rothschild
100 1# - ENTRADA PRINCIPAL--NOMBRE DE PERSONA
Nombre de persona Lottman, Herbert R. (
Fechas asociadas al nombre 1927-)
9 (RLIN) 159405
245 14 - MENCIÓN DEL TÍTULO
Título Los Rothschild
Resto del título : historia de una dinastía /
Mención de responsabilidad, etc. Herbert Lottman ; prólogo de Carlos Rodríguez Braun ; [traducción, Roser Berdagué].
250 ## - MENCION DE EDICION
Mención de edición Ed. especial para este periódico.
260 ## - PUBLICACIÓN, DISTRIBUCIÓN, ETC.
Lugar de publicación, distribución, etc. [Barcelona] :
Nombre del editor, distribuidor, etc. ABC :
-- Folio,
Fecha de publicación, distribución, etc. [2003]
300 ## - DESCRIPCIÓN FÍSICA
Extensión 412 p. ;
Dimensiones 21 cm.
490 1# - MENCIÓN DE SERIE
Mención de serie Biblioteca ABC. Protagonistas del s. XX ;
Designación de volumen o secuencia 19. Las biografías que construyeron el siglo
500 ## - NOTA GENERAL
Nota general Índice.
600 37 - PUNTO DE ACCESO ADICIONAL DE MATERIA--NOMBRE DE PERSONA
Nombre de persona Rothschild (Familia)
9 (RLIN) 154459
700 1# - ENTRADA AGREGADA--NOMBRE PERSONAL
Nombre de persona Rodríguez Braun, Carlos.
9 (RLIN) 98385
700 1# - ENTRADA AGREGADA--NOMBRE PERSONAL
Nombre de persona Berdagué, Roser.
9 (RLIN) 27859
710 2# - ENTRADA AGREGADA--NOMBRE DE ENTIDAD CORPORATIVA
Nombre de entidad corporativa o nombre de jurisdicción como elemento de entrada Diario ABC.
9 (RLIN) 1137
830 00 - PUNTO DE ACCESO ADICIONAL DE SERIE-TÍTULO UNIFORME
Título uniforme Biblioteca ABC. Protagonistas del s. XX
Designación de volumen o secuencia 19. Las biografías que construyeron el siglo
9 (RLIN) 192266
852 ## - LOCALIZACIÓN
Ubicación ES-MaACL
Número de control de estantería A-13707
itemnumber 192251
Sublocalización o colección R.150376
Ubicación en estantería Depósito 1
Signatura antigua Olim: N-6707
Encuadernación enc. cart.
942 ## - ELEMENTOS DE ENTRADA SECUNDARIOS (KOHA)
Fuente del sistema de clasificación o colocación Clasificación decimal universal
Holdings
Estatus retirado Estado de pérdida Fuente del sistema de clasificación o colocación Estado de daño No para préstamo Biblioteca de origen Biblioteca actual Ubicación en estantería Fecha de adquisición Fuente de adquisición Total de préstamos Signatura topográfica completa Código de barras Visto por última vez Precio de reemplazo Tipo de ítem Koha
    Clasificación decimal universal     Biblioteca del Ateneo de Madrid Biblioteca del Ateneo de Madrid Depósito 1 20/04/2016 Donación   A-13707 1195138 23/02/2023 23/02/2023 Libro impreso